000 00494nam a22001817a 4500
999 _c525224
_d525224
003 NUST
005 20190628111434.0
020 _c(Hbk)
038 _aM. Shaban
082 _a109
_bKHA
100 _aKhan, Saoud ul Hassan
_915969
245 _aFalsfai ke saoo saal /
_cSaoud ul Hassan Khan
260 _aLahore :
_bHaji Hanif printer,
_c2004.
300 _a703 p. ;
880 _6100-01\r
_aسعودالحسن خان /
880 _6245-02\r
_aفلسفے کے سو سال /
942 _2ddc
_cBK